000 01004nam0a22002651 4500
001 rc\4836629
005 20250612192900.0
035 _a(NLR Aleph) 008807699
090 _a8141985
_c8141985
100 _a20130426d1962 |||y0rusy50 ca
101 1 _arus
_cjpn
_ceng
102 _aRU
105 _aa z |||||
200 1 _aПолупостоянное запоминающее устройство на "фукокартах"
_fГос. ком. Совета Министров СССР по радиоэлектронике
210 _a[Москва]
_cБ. и.
_d1962
215 _a33 с.
_cил.
_d22
225 1 _aПеревод
_v№ 2550 (62)
300 _aПер. из: "Proceedings of the Eastern joint computer conference", 1961, 12-14/XII, v. 20
300 _aПеред загл. авт.: Такаси, Исидате и др.
700 1 _aТакаси
_bИ.
_gИсидате
801 0 _aRU
_bNLR
_gpsbo
801 1 _aRU
_bELAR
_2rusmarc
852 _aNLR
_j62-6/11958
942 _cBOOK
980 _aNB